000
00313nam a22001337a 4500
020
_a
NA
082
_2
22
_a
624.25
100
_a
Jagadeesh, T. R. and Jayaram, M. A.
245
_a
Design of bridge structures /
250
_a
5th ed.
260
_b
Prentice Hall,
_c
c2006.
300
_a
0
_b
ill. ;
942
_2
ddc
_c
CIVIL
999
_c
4215
_d
4215